[Event "Deutsche Ländermeisterschaft 2016"]
[Site "Hannover GER"]
[Date "2016.10.01"]
[Round "1"]
[White "Urban, Lars"]
[Black "Krause, Benedict"]
[Result "1/2-1/2"]
[Termination "normal"]
[Board "1.1"]
[BlackTitle "FM"]
[WhiteElo "2209"]
[BlackElo "2389"]
[WhiteClock "00:01:36"]
[BlackClock "00:01:04"]
[WhiteTeam "Thüringen"]
[BlackTeam "Schleswig-Holstein"]
[PlyCount "79"]
[WhiteFideId "4644034"]
[BlackFideId "12917990"]
[EventCountry "GER"]
[EventRounds "7"]
[EventType "team-swiss"]
[EventDate "2016.09.30"]

1. d4 Nf6 2. c4 g6 3. f3 e6 4. Nc3 d5 5. Bg5 Be7 6. e3 O-O 7. f4 c5 8. Nf3 Nc6
9. Be2 Ng4 10. Qd2 dxc4 11. Rd1 Bxg5 12. fxg5 cxd4 13. exd4 e5 14. O-O exd4 15.
Nxd4 Qxd4+ 16. Qxd4 Nxd4 17. Rxd4 Ne3 18. Rf3 Nf5 19. Rxc4 Be6 20. Rc7 Rab8 21.
Rd3 Rfc8 22. Rxc8+ Rxc8 23. Bf3 Kg7 24. Rd2 Rc7 25. Kf2 a6 26. a4 h6 27. gxh6+
Kxh6 28. g3 Bc4 29. Bg4 Be6 30. Bf3 Ne7 31. Rd4 Nc6 32. Bxc6 bxc6 33. Rb4 c5
34. Rb6 Bc4 35. Ne4 Re7 36. Nxc5 Re2+ 37. Kg1 Re1+ 38. Kf2 Re2+ 39. Kg1 Re1+
40. Kf2 1/2-1/2

[Event "Deutsche Ländermeisterschaft 2016"]
[Site "Hannover GER"]
[Date "2016.10.01"]
[Round "1"]
[White "Beeck, Mats"]
[Black "Nguyen, Huy Dat"]
[Result "0-1"]
[Termination "normal"]
[Board "1.2"]
[WhiteElo "2176"]
[BlackElo "2174"]
[WhiteClock "00:04:17"]
[BlackClock "00:10:01"]
[WhiteTeam "Schleswig-Holstein"]
[BlackTeam "Thüringen"]
[PlyCount "64"]
[WhiteFideId "12936944"]
[BlackFideId "12923486"]
[EventCountry "GER"]
[EventRounds "7"]
[EventType "team-swiss"]
[EventDate "2016.09.30"]

1. g3 Nf6 2. Bg2 d5 3. Nf3 c6 4. O-O Bg4 5. d3 Nbd7 6. c4 e6 7. Qb3 Nc5 8. Qc2
Be7 9. Bf4 O-O 10. Nbd2 h6 11. Rfe1 Re8 12. Rab1 Bf8 13. cxd5 exd5 14. b4 Ne6
15. Be5 Ng5 16. Nxg5 Rxe5 17. Ngf3 Re8 18. d4 Qc8 19. Qb2 Qf5 20. Ne5 Qh5 21.
Nxg4 Nxg4 22. Nf3 Nf6 23. b5 c5 24. dxc5 Bxc5 25. e3 Rad8 26. Rbd1 Ne4 27. Rd3
Bb6 28. Red1 Nc5 29. R3d2 Ne4 30. Rd3 Nc5 31. R3d2 Ne4 32. Rc2 Ng5 0-1

[Event "Deutsche Ländermeisterschaft 2016"]
[Site "Hannover GER"]
[Date "2016.10.01"]
[Round "1"]
[White "Scheftlein, Richard"]
[Black "Kololli, Martin"]
[Result "1/2-1/2"]
[Termination "normal"]
[Board "1.3"]
[WhiteElo "2092"]
[BlackElo "2202"]
[WhiteClock "00:08:40"]
[BlackClock "00:17:24"]
[WhiteTeam "Thüringen"]
[BlackTeam "Schleswig-Holstein"]
[PlyCount "131"]
[WhiteFideId "12945609"]
[BlackFideId "12936910"]
[EventCountry "GER"]
[EventRounds "7"]
[EventType "team-swiss"]
[EventDate "2016.09.30"]

1. d4 Nf6 2. c4 e6 3. Nc3 d5 4. Bg5 Be7 5. cxd5 exd5 6. e3 O-O 7. Qc2 Nbd7 8.
Nf3 Re8 9. Bd3 Nf8 10. h3 c6 11. Bf4 Ne6 12. Be5 g6 13. O-O-O a6 14. e4 dxe4
15. Nxe4 Nxe4 16. Bxe4 Ng5 17. Nxg5 Bxg5+ 18. f4 Bh6 19. g4 Rxe5 20. dxe5 Bxf4+
21. Kb1 Qa5 22. Bd3 Be6 23. Bc4 Re8 24. Rhf1 g5 25. Bxe6 Rxe6 26. Qb3 Qc7 27.
h4 Qxe5 28. hxg5 Bxg5 29. Qxb7 Qe4+ 30. Ka1 Rf6 31. Qxa6 Qc2 32. Qc8+ Kg7 33.
Qd8 Rf5 34. gxf5 Bxd8 35. Rxd8 Kf6 36. Rd6+ Ke5 37. Rh6 Qg2 38. Re1+ Kxf5 39.
Rxh7 f6 40. Rc7 Qc2 41. Rf1+ Ke6 42. Rc8 Kf7 43. a3 Qc4 44. Rc7+ Ke6 45. Re1+
Kd6 46. Rce7 f5 47. R7e2 Qf4 48. Rd1+ Kc7 49. Rc2 Qf3 50. Rdc1 f4 51. Rc3 Qg2
52. R1c2 Qe4 53. Ka2 Kb6 54. Rf2 c5 55. Rb3+ Ka5 56. Rbf3 Qd5+ 57. Ka1 Qd1+ 58.
Ka2 Qd5+ 59. b3 c4 60. Rxf4 cxb3+ 61. Kb2 Qe5+ 62. Kxb3 Qe3+ 63. Kb2 Qe5+ 64.
Kc2 Qc5+ 65. Kb1 Qb5+ 66. Ka2 1/2-1/2

[Event "Deutsche Ländermeisterschaft 2016"]
[Site "Hannover GER"]
[Date "2016.10.01"]
[Round "1"]
[White "Svane, Frederik"]
[Black "Weishäutel, Moritz"]
[Result "1-0"]
[Termination "normal"]
[Board "1.4"]
[WhiteElo "2082"]
[BlackElo "1946"]
[WhiteClock "00:13:27"]
[BlackClock "00:36:53"]
[WhiteTeam "Schleswig-Holstein"]
[BlackTeam "Thüringen"]
[PlyCount "103"]
[WhiteFideId "12923044"]
[BlackFideId "12967300"]
[EventCountry "GER"]
[EventRounds "7"]
[EventType "team-swiss"]
[EventDate "2016.09.30"]

1. e4 e6 2. d4 d5 3. Nd2 Nf6 4. e5 Nfd7 5. c3 c5 6. f4 Nc6 7. Ndf3 cxd4 8. cxd4
Bb4+ 9. Kf2 Qb6 10. g3 g5 11. fxg5 Ndxe5 12. Nxe5 Nxe5 13. Kg2 Nc6 14. Nf3 Bf8
15. b3 Bg7 16. Bb2 Bd7 17. h4 O-O-O 18. Rc1 h6 19. a4 a6 20. Ba3 hxg5 21. Bc5
Qc7 22. Nxg5 Bh6 23. Nxf7 Bxc1 24. Qxc1 Rhg8 25. Bd6 Qb6 26. Nxd8 Kxd8 27. Qc3
Qxd4 28. Qxd4 Nxd4 29. h5 Nc6 30. h6 e5 31. Rh5 Bg4 32. h7 Rh8 33. Rg5 Be6 34.
Rg7 Ke8 35. Be2 Bf7 36. Bh5 Bxh5 37. Rg8+ Kf7 38. Rxh8 Kg7 39. Rc8 Kxh7 40.
Rc7+ Kg6 41. Rxb7 Kf5 42. b4 d4 43. b5 axb5 44. axb5 Na5 45. Rc7 d3 46. Bb4 Nb3
47. b6 d2 48. Rd7 Be8 49. Rd6 Bb5 50. Bxd2 Nc5 51. Be3 Ne4 52. b7 1-0

[Event "Deutsche Ländermeisterschaft 2016"]
[Site "Hannover GER"]
[Date "2016.10.01"]
[Round "1"]
[White "Grund, Sebastian"]
[Black "Kopylov, Daniel"]
[Result "1/2-1/2"]
[Termination "normal"]
[Board "1.5"]
[WhiteElo "1859"]
[BlackElo "2028"]
[WhiteClock "00:05:30"]
[BlackClock "00:04:31"]
[WhiteTeam "Thüringen"]
[BlackTeam "Schleswig-Holstein"]
[PlyCount "113"]
[WhiteFideId "12988626"]
[BlackFideId "12921971"]
[EventCountry "GER"]
[EventRounds "7"]
[EventType "team-swiss"]
[EventDate "2016.09.30"]

1. d4 d5 2. Nf3 c5 3. c4 cxd4 4. Qxd4 Nf6 5. cxd5 Qxd5 6. Nc3 Qxd4 7. Nxd4 a6
8. e4 e5 9. Nf3 Nc6 10. Bc4 Bb4 11. Bd2 Bg4 12. Ng5 O-O 13. f3 Bh5 14. g4 Bg6
15. h4 h6 16. h5 Bh7 17. Nh3 Nd4 18. Kf2 Rac8 19. Bb3 Rfd8 20. Rhd1 Nxb3 21.
axb3 Rd3 22. Ke2 Rcd8 23. Nf2 R3d7 24. Be3 Rxd1 25. Rxd1 Rxd1 26. Kxd1 Bf8 27.
Nd3 Nd7 28. b4 g6 29. hxg6 fxg6 30. Nc5 Nxc5 31. bxc5 Kg7 32. Nd5 Bg8 33. b4
Be6 34. Bd2 Kf7 35. Bc3 Bg7 36. Kd2 h5 37. gxh5 gxh5 38. Ke2 Bd7 39. Be1 Bb5+
40. Kf2 Bh6 41. Kg3 Be2 42. Bc3 Bg7 43. Kf2 Bd3 44. Ne3 Ke6 45. Nf5 Bf8 46. Ng3
h4 47. Nf5 h3 48. Kg3 Bf1 49. Ne3 Be2 50. Ng4 a5 51. bxa5 Bxc5 52. Bxe5 Bf1 53.
Bc3 Bg1 54. Be1 Be2 55. Nf2 Bxf2+ 56. Bxf2 h2 57. Kxh2 1/2-1/2

[Event "Deutsche Ländermeisterschaft 2016"]
[Site "Hannover GER"]
[Date "2016.10.01"]
[Round "1"]
[White "Köhler, Inken"]
[Black "Ratay, Meike"]
[Result "1/2-1/2"]
[Termination "normal"]
[Board "1.6"]
[WhiteElo "2009"]
[BlackElo "1716"]
[WhiteClock "00:05:56"]
[BlackClock "00:02:01"]
[WhiteTeam "Schleswig-Holstein"]
[BlackTeam "Thüringen"]
[PlyCount "115"]
[WhiteFideId "12929301"]
[BlackFideId "12977608"]
[EventCountry "GER"]
[EventRounds "7"]
[EventType "team-swiss"]
[EventDate "2016.09.30"]

1. e4 e5 2. Nf3 Nc6 3. d4 exd4 4. Nxd4 Bc5 5. Nb3 Bb6 6. Nc3 Nf6 7. Bg5 d6 8.
Qd2 h6 9. Be3 Be6 10. O-O-O Qe7 11. f3 O-O-O 12. Bxb6 axb6 13. Nd5 Bxd5 14.
exd5 Ne5 15. Qb4 Nfd7 16. Nd4 c5 17. Qc3 Nb8 18. Kb1 Qf6 19. Bb5 Na6 20. Ba4
Nc7 21. Nb5 Nxb5 22. Bxb5 Qf4 23. Rde1 g5 24. Re4 Qf5 25. Rhe1 h5 26. h4 gxh4
27. Rxh4 Ng6 28. Ra4 Qxd5 29. Qf6 Kc7 30. Bc4 Qc6 31. Ra3 Ne5 32. Bxf7 Nxf7 33.
Qxf7+ Rd7 34. Qf6 Rg8 35. Qh4 Qd5 36. Rd3 Qg5 37. Qxg5 Rxg5 38. Rd2 Rdg7 39.
Ree2 Kd7 40. c3 Re7 41. Kc2 c4 42. Rxe7+ Kxe7 43. Re2+ Kf6 44. Kd2 Rd5+ 45. Ke1
Kf5 46. Re4 Rb5 47. Re2 Kf4 48. Kf2 h4 49. Rd2 d5 50. a3 Rc5 51. Rd4+ Kg5 52.
Ke3 Rb5 53. Rd2 Kf5 54. Re2 Rc5 55. Rf2 Rc6 56. Kd4 Rd6 57. Re2 Kf4 58. Re7
1/2-1/2

[Event "Deutsche Ländermeisterschaft 2016"]
[Site "Hannover GER"]
[Date "2016.10.01"]
[Round "1"]
[White "Glinzner, Alva"]
[Black "Reuter, Elisa"]
[Result "1/2-1/2"]
[Termination "normal"]
[Board "1.8"]
[WhiteElo "1513"]
[BlackElo "1652"]
[WhiteClock "00:10:08"]
[BlackClock "00:27:47"]
[WhiteTeam "Schleswig-Holstein"]
[BlackTeam "Thüringen"]
[PlyCount "131"]
[WhiteFideId "16206169"]
[BlackFideId "12995444"]
[EventCountry "GER"]
[EventRounds "7"]
[EventType "team-swiss"]
[EventDate "2016.09.30"]

1. e4 c5 2. Nf3 Nc6 3. Bb5 g6 4. Bxc6 bxc6 5. d3 d6 6. h3 Bg7 7. O-O e5 8. Be3
Ne7 9. Nc3 O-O 10. Qe2 Qc7 11. Rfe1 Rb8 12. Rab1 f5 13. b3 f4 14. Bc1 h6 15.
Ba3 a5 16. Nd2 Kh7 17. Kh2 g5 18. Rh1 Ng6 19. Kg1 Be6 20. Rd1 Rf7 21. Re1 Rbf8
22. Nf3 Qd7 23. Qd2 Qc7 24. Na4 Rg8 25. Nc3 Bf8 26. Kf1 Rfg7 27. g3 Qd7 28. g4
Nh4 29. Nxh4 gxh4 30. f3 Qc7 31. Qf2 Be7 32. Bb2 Bg5 33. Qd2 Rb8 34. Ne2 a4 35.
Ba3 axb3 36. axb3 Qd8 37. Bb2 Rgb7 38. Kg2 Qc7 39. Bc3 Qd7 40. Rc1 Qe7 41. Ba1
Qd7 42. Nc3 Qc7 43. Na4 Ra8 44. Bc3 Rab8 45. Qe2 Qd7 46. Bxe5 dxe5 47. Nxc5 Qd6
48. Nxb7 Rxb7 49. Qd2 c5 50. Ra1 c4 51. bxc4 Bxc4 52. Qc3 Be6 53. Rhd1 Rc7 54.
Qd2 Bf6 55. Rab1 Qc6 56. Rbc1 Rd7 57. Qf2 Kg6 58. c3 Bb3 59. Rd2 Be6 60. Qe1
Qb6 61. Qd1 Qa7 62. Rb1 Qc5 63. Rc1 Qb6 64. c4 Be7 65. Qe2 Rd4 66. Rb2 1/2-1/2

[Event "Deutsche Ländermeisterschaft 2016"]
[Site "Hannover GER"]
[Date "2016.10.01"]
[Round "1"]
[White "Rahnfeld, Jens"]
[Black "Bauer, Andreas"]
[Result "1/2-1/2"]
[Termination "normal"]
[Board "2.1"]
[WhiteElo "2265"]
[BlackElo "2239"]
[WhiteClock "00:50:13"]
[BlackClock "00:33:04"]
[WhiteTeam "Baden 2"]
[BlackTeam "Baden 1"]
[PlyCount "41"]
[WhiteFideId "12939617"]
[BlackFideId "4625030"]
[EventCountry "GER"]
[EventRounds "7"]
[EventType "team-swiss"]
[EventDate "2016.09.30"]

1. e4 c5 2. Nf3 Nc6 3. d4 cxd4 4. Nxd4 Nf6 5. Nc3 e5 6. Ndb5 d6 7. Bg5 a6 8.
Na3 b5 9. Bxf6 gxf6 10. Nd5 f5 11. Bxb5 axb5 12. Nxb5 Ra4 13. b4 Qh4 14. O-O
Rg8 15. c3 f4 16. Qxa4 Rxg2+ 17. Kxg2 Qh3+ 18. Kh1 Qf3+ 19. Kg1 Qg4+ 20. Kh1
Qf3+ 21. Kg1 1/2-1/2

[Event "Deutsche Ländermeisterschaft 2016"]
[Site "Hannover GER"]
[Date "2016.10.01"]
[Round "1"]
[White "Wiesner, Alexander"]
[Black "Mütsch, Annmarie"]
[Result "0-1"]
[Termination "normal"]
[Board "2.3"]
[WhiteElo "1822"]
[BlackElo "2008"]
[WhiteClock "00:01:18"]
[BlackClock "00:04:41"]
[WhiteTeam "Baden 2"]
[BlackTeam "Baden 1"]
[PlyCount "73"]
[WhiteFideId "12943991"]
[BlackFideId "12971367"]
[EventCountry "GER"]
[EventRounds "7"]
[EventType "team-swiss"]
[EventDate "2016.09.30"]

1. b3 e5 2. Bb2 Nc6 3. e3 d6 4. Nf3 f5 5. d4 e4 6. d5 Nce7 7. Nh4 Ng6 8. Bb5+
Bd7 9. Bxd7+ Qxd7 10. Qh5 N8e7 11. c4 O-O-O 12. Nxg6 Nxg6 13. O-O Ne5 14. Bd4
g6 15. Qe2 Bg7 16. Nc3 Kb8 17. a4 Rhe8 18. Qd2 a6 19. Ne2 g5 20. Qc3 Qf7 21. b4
f4 22. b5 f3 23. bxa6 fxg2 24. Rfb1 Rf8 25. Nf4 gxf4 26. axb7 Nf3+ 27. Kxg2
Bxd4 28. exd4 Qg7+ 29. Kf1 Qxd4 30. Qxd4 Nxd4 31. a5 Ka7 32. a6 e3 33. fxe3
fxe3+ 34. Kg1 e2 35. Rc1 Nb3 36. Rab1 Nxc1 37. Rxc1 {Kxb7 axb7} 0-1

[Event "Deutsche Ländermeisterschaft 2016"]
[Site "Hannover GER"]
[Date "2016.10.01"]
[Round "1"]
[White "Färber, David"]
[Black "Mangei, Jasmin"]
[Result "0-1"]
[Termination "normal"]
[Board "2.4"]
[WhiteElo "2186"]
[BlackElo "1900"]
[WhiteClock "00:30:30"]
[BlackClock "00:00:51"]
[WhiteTeam "Baden 1"]
[BlackTeam "Baden 2"]
[PlyCount "77"]
[WhiteFideId "12971294"]
[BlackFideId "12951803"]
[EventCountry "GER"]
[EventRounds "7"]
[EventType "team-swiss"]
[EventDate "2016.09.30"]

1. e4 d5 2. exd5 Qxd5 3. Nc3 Qd6 4. d4 a6 5. g3 Nf6 6. Bf4 Qb6 7. Qd2 e6 8.
O-O-O Be7 9. Nf3 O-O 10. Bd3 Bd7 11. Ne4 Bc6 12. Qe2 Nbd7 13. Nxf6+ Nxf6 14.
Be5 Qa5 15. Kb1 b5 16. Bxf6 Bxf6 17. Be4 Qb6 18. h4 Rad8 19. Ng5 Bxe4 20. Qxe4
g6 21. Nf3 c5 22. h5 cxd4 23. g4 Qc5 24. hxg6 hxg6 25. Qf4 Bg7 26. Ng5 Qe5 27.
Qd2 Rd5 28. f4 Qe3 29. Qh2 Rfd8 30. Rhe1 Qxe1 31. Rxe1 d3 32. c3 Rc8 33. Ne4 b4
34. Rc1 bxc3 35. Nxc3 d2 36. Rd1 Bxc3 37. bxc3 Rxc3 38. Rxd2 Rcd3 39. Rxd3 0-1

[Event "Deutsche Ländermeisterschaft 2016"]
[Site "Hannover GER"]
[Date "2016.10.01"]
[Round "1"]
[White "Chernykh, Arkady"]
[Black "Visvikis, Christos"]
[Result "1-0"]
[Termination "normal"]
[Board "2.5"]
[WhiteElo "1800"]
[BlackElo "1908"]
[WhiteClock "00:45:09"]
[BlackClock "00:33:02"]
[WhiteTeam "Baden 2"]
[BlackTeam "Baden 1"]
[PlyCount "143"]
[WhiteFideId "12989436"]
[BlackFideId "12967955"]
[EventCountry "GER"]
[EventRounds "7"]
[EventType "team-swiss"]
[EventDate "2016.09.30"]

1. d4 Nf6 2. c4 e6 3. Nc3 Bb4 4. Bd2 O-O 5. Nf3 d5 6. e3 c5 7. cxd5 Nxd5 8.
Nxd5 Bxd2+ 9. Qxd2 Qxd5 10. dxc5 Qxc5 11. Rc1 Qb6 12. Bd3 Nc6 13. a3 e5 14. O-O
Bg4 15. Ng5 h6 16. Rc4 f5 17. Rxg4 fxg4 18. Bc4+ Kh8 19. Nf7+ Kh7 20. Qd3+ e4
21. Qxe4+ g6 22. Qf4 g5 23. Qf5+ Kg7 24. Qd7 Rae8 25. Nxg5+ Re7 26. Qxg4 hxg5
27. Qxg5+ Kh7 28. Bd3+ Kh8 29. Qh6+ Kg8 30. Bc4+ Rff7 31. b4 Qc7 32. Rc1 Qe5
33. b5 Qb2 34. Bxf7+ Rxf7 35. Qg6+ Kf8 36. Qc2 Qxc2 37. Rxc2 Ne5 38. f3 Rg7 39.
Kf2 Kg8 40. g4 Rf7 41. f4 Nxg4+ 42. Kf3 Ne5+ 43. Ke4 Nd7 44. Kd5 Nb6+ 45. Ke6
Kf8 46. Rc3 Re7+ 47. Kd6 Kf7 48. Rc7 Rxc7 49. Kxc7 Nc4 50. Kxb7 Nxa3 51. Ka6
Kf6 52. h4 Kf5 53. h5 Kf6 54. e4 Kg7 55. e5 Kh7 56. f5 Nc4 57. e6 Nd6 58. f6
Ne4 59. Kxa7 Nxf6 60. b6 Ng8 61. b7 Ne7 62. Kb6 Nd5+ 63. Kc5 Nc7 64. e7 Kg7 65.
e8=Q Nxe8 66. b8=Q Nf6 67. Qg3+ Kf8 68. Qg6 Nd7+ 69. Kd6 Nb6 70. Qf6+ Kg8 71.
h6 Nc4+ 72. Ke7 1-0

[Event "Deutsche Ländermeisterschaft 2016"]
[Site "Hannover GER"]
[Date "2016.10.01"]
[Round "1"]
[White "Dobrikov, Marco"]
[Black "Wu, Luka"]
[Result "1-0"]
[Termination "normal"]
[Board "2.6"]
[WhiteElo "1926"]
[BlackElo "1800"]
[WhiteClock "00:57:05"]
[BlackClock "00:40:16"]
[WhiteTeam "Baden 1"]
[BlackTeam "Baden 2"]
[PlyCount "157"]
[WhiteFideId "12950378"]
[BlackFideId "12977420"]
[EventCountry "GER"]
[EventRounds "7"]
[EventType "team-swiss"]
[EventDate "2016.09.30"]

1. e4 e5 2. Nf3 Nc6 3. Bb5 a6 4. Ba4 Nf6 5. d3 b5 6. Bb3 Bc5 7. c3 d6 8. O-O
Bb7 9. Nbd2 O-O 10. Re1 Ne7 11. Nf1 Ba7 12. Ng3 c5 13. Bg5 Ng6 14. Nh5 h6 15.
Nxf6+ gxf6 16. Bxh6 Kh7 17. Bxf8 Qxf8 18. c4 b4 19. Re3 Bc8 20. g3 Bg4 21. Ng5+
fxg5 22. Qxg4 Qe7 23. Ba4 Rg8 24. Bd7 Kg7 25. Rf3 Bb6 26. Bf5 Bd8 27. Kg2 Rh8
28. Rh1 Rh6 29. Kf1 Rh8 30. h3 Rh6 31. Rg1 Qe8 32. Re3 Qa4 33. Bxg6 Rxg6 34.
Rf3 Qxa2 35. h4 gxh4 36. Qd7 Bf6 37. g4 Qb1+ 38. Kg2 Qxb2 39. Kh2 Qd2 40. g5
Rxg5 41. Qf5 Rxg1 42. Qxf6+ Kh7 43. Kxg1 Qh6 44. Qxh6+ Kxh6 45. Rf6+ Kg5 46.
Rxd6 f5 47. exf5 Kxf5 48. Rxa6 e4 49. dxe4+ Kxe4 50. Rd6 b3 51. Rb6 Kd4 52.
Rxb3 Kxc4 53. Rh3 Kd4 54. Rxh4+ Kd3 55. f4 Ke4 56. f5+ Kxf5 57. Rh5+ Ke4 58.
Rxc5 Kd4 59. Rf5 Ke4 60. Rf1 Kd5 61. Re1 Kd4 62. Kf2 Kd3 63. Kf3 Kd4 64. Kf4
Kd5 65. Re2 Kd4 66. Rd2+ Kc3 67. Ke3 Kc4 68. Rd1 Kc5 69. Ke4 Kc4 70. Rc1+ Kb4
71. Kd3 Kb5 72. Kd4 Kb6 73. Kd5 Kb5 74. Rb1+ Ka5 75. Kc4 Ka6 76. Kc5 Ka7 77.
Kc6 Ka8 78. Kc7 Ka7 79. Ra1# 1-0

[Event "Deutsche Ländermeisterschaft 2016"]
[Site "Hannover GER"]
[Date "2016.10.01"]
[Round "1"]
[White "Lohrmann, Tabea"]
[Black "Hartmann, Cora"]
[Result "0-1"]
[Termination "normal"]
[Board "2.7"]
[WhiteElo "1723"]
[BlackElo "1868"]
[WhiteClock "00:10:45"]
[BlackClock "00:23:23"]
[WhiteTeam "Baden 2"]
[BlackTeam "Baden 1"]
[PlyCount "114"]
[WhiteFideId "12911941"]
[BlackFideId "16200764"]
[EventCountry "GER"]
[EventRounds "7"]
[EventType "team-swiss"]
[EventDate "2016.09.30"]

1. e4 d5 2. exd5 Qxd5 3. Nc3 Qa5 4. d4 Nf6 5. Bc4 c6 6. Nf3 Bf5 7. Ne5 e6 8.
Qe2 Nbd7 9. Nxd7 Nxd7 10. a3 Nf6 11. Bd2 Qb6 12. O-O-O Qxd4 13. Rhe1 Qb6 14.
Qe5 Qc5 15. Qf4 Bd6 16. Qg5 O-O 17. Bb3 Bg4 18. f3 Bh5 19. Qh4 Be7 20. Bg5 Rfe8
21. Kb1 Bg6 22. Rc1 b5 23. Be3 Qd6 24. Rcd1 Qc7 25. Bf4 Qb7 26. Bd6 Bd8 27. Qd4
Ba5 28. g4 Nd5 29. h4 h6 30. g5 h5 31. Bb4 Nxb4 32. axb4 Bc7 33. Ne4 Red8 34.
Qf2 Bb6 35. Qe2 a5 36. bxa5 Rxa5 37. c3 Rda8 38. Kc2 c5 39. c4 bxc4 40. Bxc4
Bc7 41. Rd7 Rb8 42. Rb1 Qc6 43. Qd3 Raa8 44. Rd1 Be5 45. Bb3 c4 46. Qxc4 Qxc4+
47. Bxc4 Rxb2+ 48. Kd3 Ra3+ 49. Bb3 Raxb3+ 50. Kc4 Rb4+ 51. Kc5 Bxe4 52. fxe4
Rxe4 53. Rd8+ Kh7 54. R1d7 Rc2+ 55. Kb5 Re1 56. Rd1 Rxd1 57. Rxd1 Rh2 0-1

[Event "Deutsche Ländermeisterschaft 2016"]
[Site "Hannover GER"]
[Date "2016.10.01"]
[Round "1"]
[White "Basovskiy, Jana"]
[Black "Visvikis, Kassandra"]
[Result "1-0"]
[Termination "normal"]
[Board "2.8"]
[WhiteElo "1435"]
[BlackElo "1318"]
[WhiteClock "00:34:49"]
[BlackClock "01:17:14"]
[WhiteTeam "Baden 1"]
[BlackTeam "Baden 2"]
[PlyCount "65"]
[WhiteFideId "16208617"]
[BlackFideId "36052167"]
[EventCountry "GER"]
[EventRounds "7"]
[EventType "team-swiss"]
[EventDate "2016.09.30"]

1. e4 e5 2. Nf3 Nc6 3. Bc4 Bc5 4. c3 Nf6 5. d4 exd4 6. e5 Ng4 7. cxd4 Bb4+ 8.
Nc3 d5 9. Bb5 Bd7 10. Ba4 f6 11. h3 Nh6 12. Bxh6 gxh6 13. O-O fxe5 14. Nxd5 Rg8
15. Bxc6 bxc6 16. Nxb4 Bxh3 17. Ne1 Qg5 18. Qf3 Bg4 19. Qxc6+ Kf7 20. Nf3 Bxf3
21. Qxf3+ Kg7 22. dxe5 Raf8 23. Qc3 Kh8 24. g3 h5 25. Rad1 h4 26. Rd3 h3 27.
e6+ Rg7 28. Rd7 Rfg8 29. Rfd1 Qf5 30. Rxg7 Qe4 31. Rg4+ Qe5 32. Qxe5+ Rg7 33.
Qxg7# 1-0

[Event "Deutsche Ländermeisterschaft 2016"]
[Site "Hannover GER"]
[Date "2016.10.01"]
[Round "1"]
[White "Oberhofer, Cédric"]
[Black "Schnabel, Bennett"]
[Result "1/2-1/2"]
[Termination "normal"]
[Board "3.2"]
[WhiteElo "2208"]
[BlackElo "1948"]
[WhiteClock "00:13:58"]
[BlackClock "00:09:55"]
[WhiteTeam "Bayern"]
[BlackTeam "Berlin"]
[PlyCount "118"]
[WhiteFideId "12941220"]
[BlackFideId "12943290"]
[EventCountry "GER"]
[EventRounds "7"]
[EventType "team-swiss"]
[EventDate "2016.09.30"]

1. e4 d5 2. exd5 Qxd5 3. Nc3 Qd6 4. d4 Nf6 5. Nf3 a6 6. Bd3 Bg4 7. Ne4 Nxe4 8.
Bxe4 Nc6 9. O-O O-O-O 10. c3 e5 11. Bxc6 bxc6 12. h3 Bxf3 13. Qxf3 exd4 14.
cxd4 Qd5 15. Qe2 Kb7 16. Bf4 Bd6 17. Bxd6 Rxd6 18. Rfe1 Rhd8 19. Rac1 Qxd4 20.
Qc2 Qd3 21. Qxd3 Rxd3 22. Re7 R8d7 23. Rxd7 Rxd7 24. Rc2 Rd1+ 25. Kh2 Kb6 26.
Kg3 c5 27. Kf3 Kb5 28. a3 c4 29. Ke2 Rd3 30. Ke1 a5 31. Re2 Rd7 32. Re3 g6 33.
Ke2 h6 34. g3 Ka4 35. Re5 Kb3 36. Rb5+ Kc2 37. a4 Re7+ 38. Kf3 c6 39. Rc5 Kxb2
40. Rxc4 Rc7 41. Rc5 Ra7 42. Rxc6 Kb3 43. Rb6+ Kxa4 44. Ke3 Rc7 45. Kd2 Ka3 46.
g4 Rd7+ 47. Kc3 a4 48. f4 Re7 49. Kd2 Re6 50. Rb7 Rf6 51. Ke3 Ka2 52. h4 a3 53.
Rb4 Rd6 54. g5 hxg5 55. hxg5 Rd7 56. Ke2 Ka1 57. Ke1 a2 58. Ke2 Rd8 59. Ke1 Rd7
1/2-1/2

[Event "Deutsche Ländermeisterschaft 2016"]
[Site "Hannover GER"]
[Date "2016.10.01"]
[Round "1"]
[White "Hesse, Henrik"]
[Black "Schneider, Jana"]
[Result "0-1"]
[Termination "normal"]
[Board "3.3"]
[WhiteElo "1975"]
[BlackElo "2046"]
[WhiteClock "00:01:49"]
[BlackClock "00:12:28"]
[WhiteTeam "Berlin"]
[BlackTeam "Bayern"]
[PlyCount "126"]
[WhiteFideId "12952060"]
[BlackFideId "12924997"]
[EventCountry "GER"]
[EventRounds "7"]
[EventType "team-swiss"]
[EventDate "2016.09.30"]

1. c4 e5 2. g3 Nc6 3. Bg2 Bc5 4. Nc3 a6 5. Nf3 d6 6. d3 f5 7. Bg5 Nf6 8. Nd5
Be6 9. Bxf6 gxf6 10. Nh4 f4 11. gxf4 Rg8 12. e3 exf4 13. Qh5+ Kd7 14. Nxf4 Bg4
15. Bh3 Bxh3 16. Nxh3 Kc8 17. Qxh7 Kb8 18. Qf5 Qe8 19. O-O-O Rh8 20. Ng2 Rh5
21. Qf3 Nb4 22. a3 Na2+ 23. Kb1 Bxa3 24. bxa3 Ra5 25. Kxa2 Qa4 26. Qxf6 Qxa3+
27. Kb1 Ra4 28. Qb2 Rb4 29. Qxb4 Qxb4+ 30. Kc2 a5 31. Rb1 Qa4+ 32. Kc3 Qc6 33.
Ngf4 a4 34. Nd5 a3 35. Nb4 Qf3 36. Rhg1 c5 37. Rg8+ Ka7 38. Rxa8+ Kxa8 39. Nd5
Qxh3 40. Ra1 Qh8+ 41. d4 Qxh2 42. Rxa3+ Kb8 43. dxc5 dxc5 44. Ra2 Qh1 45. Rd2
Qc1+ 46. Rc2 Qd1 47. Kb2 Qd3 48. Nf4 Qe4 49. Kc3 Qe5+ 50. Kd2 Qa1 51. Nd3 Qa5+
52. Ke2 Qa4 53. Rc1 Qa2+ 54. Kf3 b6 55. Ke4 Qa7 56. Nf4 Qa2 57. Nd5 Qxf2 58.
Nxb6 Qb2 59. Rf1 Qxb6 60. Kd5 Kc7 61. Rf7+ Kd8 62. e4 Qg6 63. Rf5 Kc7 0-1

[Event "Deutsche Ländermeisterschaft 2016"]
[Site "Hannover GER"]
[Date "2016.10.01"]
[Round "1"]
[White "Leeb, Simon"]
[Black "Rosenhain, Rachela"]
[Result "1-0"]
[Termination "normal"]
[Board "3.4"]
[WhiteElo "2122"]
[BlackElo "1843"]
[WhiteClock "00:07:00"]
[BlackClock "00:06:52"]
[WhiteTeam "Bayern"]
[BlackTeam "Berlin"]
[PlyCount "67"]
[WhiteFideId "12924768"]
[BlackFideId "12957615"]
[EventCountry "GER"]
[EventRounds "7"]
[EventType "team-swiss"]
[EventDate "2016.09.30"]

1. d4 Nf6 2. c4 c5 3. d5 b5 4. cxb5 a6 5. f3 g6 6. e4 d6 7. Bd2 Bg7 8. a4 Bd7
9. Na3 axb5 10. Bxb5 Na6 11. Nc4 Bxb5 12. axb5 Nb4 13. Bxb4 cxb4 14. Rxa8 Qxa8
15. Ne2 Nd7 16. O-O O-O 17. Qd2 Qa4 18. b6 Qb5 19. Rc1 Nxb6 20. Ne3 Na4 21. Nd4
Qb6 22. Rc4 Bxd4 23. Rxd4 Rb8 24. Kf2 Nc5 25. Rc4 Qa7 26. Qd4 f6 27. Kg3 Qb6
28. Nc2 Na6 29. Qd2 Kg7 30. Rc6 Qb7 31. Nd4 Nc5 32. Qf4 Qd7 33. Rxc5 g5 34. Qf5
1-0

[Event "Deutsche Ländermeisterschaft 2016"]
[Site "Hannover GER"]
[Date "2016.10.01"]
[Round "1"]
[White "Denkert, Anna"]
[Black "Tong, Kevin"]
[Result "0-1"]
[Termination "normal"]
[Board "3.5"]
[WhiteElo "1765"]
[BlackElo "2049"]
[WhiteClock "00:27:41"]
[BlackClock "00:15:47"]
[WhiteTeam "Berlin"]
[BlackTeam "Bayern"]
[PlyCount "64"]
[WhiteFideId "12938122"]
[BlackFideId "12913944"]
[EventCountry "GER"]
[EventRounds "7"]
[EventType "team-swiss"]
[EventDate "2016.09.30"]

1. e4 e5 2. Nf3 Nc6 3. Bc4 Nf6 4. d3 Be7 5. c3 O-O 6. O-O d6 7. h3 Be6 8. Bb3
Re8 9. Re1 Qd7 10. Nbd2 Bf8 11. Nf1 h6 12. Ng3 d5 13. Bc2 Rad8 14. Qe2 a5 15.
a4 Bc5 16. Nh4 dxe4 17. dxe4 Kh7 18. Qf3 Ne7 19. Nh5 Nxh5 20. Qxh5 f6 21. Rf1
Qc6 22. Nf5 Nxf5 23. exf5 Bc4 24. Bxh6 gxh6 25. Qg6+ Kh8 26. Qxh6+ Kg8 27. Qg6+
Kf8 28. Qh6+ Ke7 29. Qg7+ Bf7 30. Bb3 Rf8 31. g4 Qf3 32. Rae1 Qg3+ 0-1